000 00427nam a2200133Ia 4500
008 260210s9999 xx 000 0 und d
024 _a13B-99-BS, 13B-106-BS & 13B-69-BS
082 _a005.072 SHA
100 _aShahbaz Ahmed, Waleed Iqbal & Muhammad Usman
245 0 _aOutcome Based Education System
260 _aKarachi:
_bUITU,
_c2014
600 _aComputer Science
650 _aBachelor of Computer Science (BS)
999 _c32298
_d32298